Science Quiz

Random Science or Grab Bag Quiz

Multiple Guess Weather Quiz Stats

 Plays Quiz Updated Dec 10, 2019

Support Sporcle.
Go Orange.
Score 0/100 Timer 10:00
1 Play Today
Hint Answer % Correct
???
99.9%
C1) ???
97.2%
???
97.2%
B2) ???
95.6%
???
95.6%
A1) ???
94.7%
B1) ???
94.5%
B3) ???
94.4%
???
94.4%
D4) ???
93.5%
???
93.5%
A5) ???
93%
???
93%
D1) ???
92.6%
B6) ???
92.6%
???
92.6%
D7) ???
92.1%
???
92.1%
D8) ???
91.8%
???
91.7%
A9) ???
91.3%
???
91.3%
C10) ???
91%
???
91%
D11) ???
90.5%
???
90.5%
B12) ???
90.3%
???
90.3%
B13) ???
89.8%
???
89.8%
C14) ???
89.4%
???
89.4%
D6) ???
89.3%
C15) ???
89.1%
Hint Answer % Correct
???
89.1%
A16) ???
89%
???
89%
C17) ???
88.8%
???
88.8%
C18) ???
88.6%
???
88.6%
A19) ???
88.4%
???
88.4%
D20) ???
87.9%
B17) ???
86.7%
D17) ???
86.6%
A8) ???
86.5%
A17) ???
86.5%
B4) ???
85.9%
C4) ???
85.8%
C6) ???
85.3%
C8) ???
85.1%
D19) ???
83.6%
C19) ???
82.5%
C7) ???
82.1%
A6) ???
81.1%
D15) ???
81%
B8) ???
80.8%
A7) ???
80.1%
B16) ???
78.4%
A2) ???
78.1%
D16) ???
78.1%
C13) ???
75.6%
D2) ???
75.4%
A4) ???
75.1%
A11) ???
74.9%
B18) ???
74.8%
A15) ???
73.7%
Hint Answer % Correct
A18) ???
73.3%
D18) ???
72.2%
D12) ???
71.8%
C16) ???
71.3%
A12) ???
69.9%
C5) ???
69%
B19) ???
68.8%
D3) ???
66.8%
D5) ???
63.5%
A13) ???
63.2%
C20) ???
62.9%
C2) ???
62.4%
C3) ???
60.8%
A3) ???
59.5%
B11) ???
59.1%
D9) ???
57.5%
B9) ???
57.4%
A20) ???
55.9%
D13) ???
55.8%
B15) ???
54.4%
D14) ???
51.9%
C12) ???
51.6%
C9) ???
51.4%
B20) ???
47.8%
B5) ???
46.9%
B10) ???
45.8%
D10) ???
44.6%
C11) ???
41.4%
A10) ???
36.3%
B7) ???
32.1%
A14) ???
30.1%
B14) ???
16.5%

You're not logged in!

Compare scores with friends on all Sporcle quizzes.
OR
Log In

From the Vault

LOST by Surname

by Dykstra4Pres

We would have put Vincent on here, but we just weren't sure of his last name.
Remove Ads.
Support Sporcle.
Get the best of Sporcle when you Go Orange. This ad-free experience offers more features, more stats, and more fun while also helping to support Sporcle. Thank you for becoming a member.

Show Comments

Extras

Top Quizzes Today


Score Distribution

Your Account Isn't Verified!

In order to create a playlist on Sporcle, you need to verify the email address you used during registration. Go to your Sporcle Settings to finish the process.

Report this User

Report this user for behavior that violates our Community Guidelines.

Details: